000 00465nam a22001937a 4500
003 MPLRDC
005 20220104144506.0
008 210129b ||||| |||| 00| 0 eng d
020 _a957-15-0405-x
082 _a125.5 CRJ
100 _a陈荣捷
245 _a近思录详注集评
_c
250 _a一版一刷
260 _a
_b学生书局
_c1992
300 _b
490 _a中国哲学丛刊. 32
650 _a宋元哲学
942 _cBK
_o125.5 CRJ
999 _c50141
_d50131